Novely zákona o niektorých mimoriadnych opatreniach vo finančnej oblasti v súvislosti so šírením COVID-19
Legislatívne úpravy zákona č. 67/2020 Z. z. o niektorých mimoriadnych opatreniach vo finančnej oblasti v súvislosti so šírením nebezpečnej ľudskej choroby COVID-19. Dve novely a nariadenie vlády súvisiace s uvedeným zákonom. Opatrenia v oblasti finančnej pomoci. Opatrenia v oblasti odkladu splátok ú...
Salvato in:
| Autore principale: | |
|---|---|
| Natura: | Capitolo di libro |
| Lingua: | slovacco |
| Soggetti: | |
| Tags: |
Nessun Tag, puoi essere il primo ad aggiungerne!!
|
MARC
| LEADER | 00000naa a2200000 4500 | ||
|---|---|---|---|
| 001 | 0265128 | ||
| 005 | 20200701133417.9 | ||
| 041 | 0 | |a slo | |
| 044 | |a SK | ||
| 245 | 1 | 0 | |a Novely zákona o niektorých mimoriadnych opatreniach vo finančnej oblasti v súvislosti so šírením COVID-19 |c Božena Jurčíková |
| 520 | |a Legislatívne úpravy zákona č. 67/2020 Z. z. o niektorých mimoriadnych opatreniach vo finančnej oblasti v súvislosti so šírením nebezpečnej ľudskej choroby COVID-19. Dve novely a nariadenie vlády súvisiace s uvedeným zákonom. Opatrenia v oblasti finančnej pomoci. Opatrenia v oblasti odkladu splátok úveru poskytnutého spotrebiteľovi. Komentár k druhej novele. Opatrenia v oblasti dane z príjmov. Opatrenia v colnej oblasti. Ďalšie opatrenia. | ||
| 610 | 2 | 0 | |a legislatíva |
| 610 | 2 | 0 | |a novelizácia |
| 610 | 2 | 0 | |a ochrana zdravia |
| 610 | 2 | 0 | |a pomoc finančná |
| 610 | 2 | 0 | |a dane z príjmov |
| 610 | 2 | 0 | |a splátky |
| 610 | 2 | 0 | |a úver |
| 610 | 2 | 0 | |a podnikatelia |
| 610 | 2 | 0 | |a firmy |
| 100 | 1 | |a Jurčíková, Božena | |